| 000 | 00623nam a2200217Ia 4500 | ||
|---|---|---|---|
| 005 | 20250508162206.0 | ||
| 008 | 008 250505s9999 xx 000 0 eng d | ||
| 020 | _a0-07-042406-3 | ||
| 037 | _aTextual | ||
| 040 |
_aFEDL _beng _cFEDL |
||
| 041 |
_aeng _2eng |
||
| 084 |
_a371.335, MIN _qFEDL |
||
| 100 |
_aMinor Ed. _991807 |
||
| 245 | 0 | _aTechnques for producing visual instructional media | |
| 250 | _a2nd | ||
| 260 |
_aNew York, USA _bMcGraw-Hill Book Company _c1962 |
||
| 300 | _avii,294p. | ||
| 700 |
_a Frye Harvey R Ed. _9772546 |
||
| 942 |
_cTEXL _h371.335, MIN |
||
| 999 |
_c1374930 _d1374930 |
||